00649nam a22001937a 4500999001900000005001700019010001500036020002600051035001400077037001300091082001000104100001800114245008400132250001200216260005900228300002200287942002400309952012200333 c195722d19572220230419101146.0 aENG-136727 a9789388805544c300.00 aEN-120259 bDBAD/PUB a659.2 aSatya Suresh 00aCases for managerial practices/cSatya Suresh, Chandrasekaran and M.Ganesh Babu a1st ed. aBanglorebArchers and elevators Publishing housec2019 a190p.;c29cm(pbk) 2ddccENmSATh659.2 001040708NFICaRKPbRKPd2023-04-19eDBAD/PUBg300.00l0o659.2 SATpEN-120259r2023-04-19 00:00:00t1v300.00yEN